| Tag |
First Indicator |
Second Indicator |
Subfields |
| LEADER |
00000cam a2200000 a 4500 |
| 001 |
in00001372425 |
| 005 |
20151006081500.0 |
| 007 |
hd afv---baca |
| 007 |
hd bfv---baaa |
| 008 |
910906s1618 enk a 000 0 eng d |
| 035 |
|
|
|a (OCoLC)24340943
|
| 035 |
|
|
|9 AHJ2558AM
|
| 037 |
|
|
|a CL0036000056
|b University Microfilms International
|
| 037 |
|
|
|b University Microfilms International, 300 N. Zeeb Rd., Ann Arbor, MI 48106
|
| 040 |
|
|
|a EBL
|c EBL
|d UtOrBLW
|
| 043 |
|
|
|a e-uk---
|
| 045 |
2 |
|
|b d1558
|b d1603
|
| 049 |
|
|
|a TXAI
|
| 090 |
|
|
|a BV85
|b .E5
|
| 099 |
|
|
|a film
|a B
|a 3608
|a 1850:21.
|
| 110 |
1 |
|
|a England and Wales.
|b Sovereign (1558-1603 : Elizabeth I)
|
| 245 |
1 |
0 |
|a By the Queene :
|b the Queenes Maiestie considering the euyll disposition of sundry her subiectes to obserue the auncient orders for abstinence from eating of fleshe, aswell in the tyme of Lent as of other vsuall fasting dayes ...
|
| 264 |
|
3 |
|a [London] :
|b Imprinted at London in Powles Churchyard by Richard Iugge and Iohn Cawood [i.e. B. Norton and J. Bill],
|c [1618]
|
| 300 |
|
|
|a 2 unnumbered pages
|
| 336 |
|
|
|a text
|b txt
|2 rdacontent
|
| 337 |
|
|
|a microform
|b h
|2 rdamedia
|
| 338 |
|
|
|a microfilm reel
|b hd
|2 rdacarrier
|
| 500 |
|
|
|a Second part of title from first 3 lines of text.
|
| 500 |
|
|
|a Imprint from colophon; date of imprint suggested by STC (2nd edition).
|
| 500 |
|
|
|a "Gyuen at her Maiesties Pallace of Westminster the xxv. of February, the second yeere of her Highnesse most noble Raigne"--P. [2].
|
| 500 |
|
|
|a Reproduction of original in the Harvard University. Library.
|
| 510 |
4 |
|
|a STC (2nd ed.)
|c 7909.5
|
| 533 |
|
|
|a Microfilm.
|b Ann Arbor, Mich. :
|c University Microfilms International,
|d 1985.
|e 1 microfilm reel ; 35 mm.
|f (Early English books, 1475-1640 ; 1850:21)
|
| 539 |
|
|
|a s
|b 1985
|d miu
|e n
|
| 500 |
|
|
|a Microform.
|
| 650 |
|
0 |
|a Lent
|z Great Britain.
|
| 651 |
|
0 |
|a Great Britain
|x History
|y Elizabeth, 1558-1603.
|
| 650 |
|
0 |
|a Proclamations
|z Great Britain.
|
| 700 |
0 |
|
|a Elizabeth
|b I,
|c Queen of England,
|d 1533-1603.
|
| 740 |
0 |
|
|a Queenes Maiestie considering the euyll disposition of sundry her subiectes to obserue the auncient orders for abstinence from eating of fleshe.
|
| 830 |
|
0 |
|a Early English books, 1475-1640 ;
|v 1850:21.
|
| 999 |
|
|
|a MARS
|
| 999 |
f |
f |
|s 6519385f-bc34-3701-be52-737a22195567
|i eb500abb-1fe6-35b3-a4e5-5bc149dfcac1
|t 0
|
| 952 |
f |
f |
|p default
|a Texas A&M University
|b College Station
|c Sterling C. Evans Library
|d Evans: Microforms (3rd floor)
|t 0
|e film B 3608 1850:21.
|h Other scheme
|i microform -- microfilm reel
|
| 998 |
f |
f |
|a film B 3608 1850:21.
|t 0
|l Evans: Microforms (3rd floor)
|